| 000 | 00369nam a2200121Ia 4500 | ||
|---|---|---|---|
| 008 | 220216s9999 xx 000 0 und d | ||
| 100 | _aGoppel J M | ||
| 245 | 0 | _aDegree of crystallisation in natural rubber | |
| 260 | _bProceedings of the 2nd Rubber Technology Conference, London, 1948; p164-178 | ||
| 650 | _aCrystallisation | ||
| 650 | _aNatural rubber | ||
| 942 | _cJS | ||
| 999 |
_c56782 _d56782 |
||